| 000 | 00404nam a22001457a 4500 | ||
|---|---|---|---|
| 005 | 20170727101649.0 | ||
| 008 | 170727b xxu||||| |||| 00| 0 eng d | ||
| 040 | _cPK-LaUMT | ||
| 082 |
_aZIAC 297.07 _bYAW-M |
||
| 100 | _aYawar Baig | ||
| 245 |
_aMdaras aur Ulema aik taghaur ki zaroorat/ _cYawar Baig |
||
| 260 |
_aنئی دہلی: _bاسلامی کتب گھر، _c2011 |
||
| 300 | _a38 ص | ||
| 942 | _cBK | ||
| 999 |
_c95789 _d95789 |
||